Normal view
MARC view
- Torre, Juan de la
Entry Nombre Personal
001 - NUMERO DE CONTROL
- campo de control: 48896
003 - IDENTIFICADOR DE NUMERO DE CONTROL
- campo de control: MX-MxUPN
005 - FECHA Y HORA DE LA ÜLTIMA TRANSACCIÓN
- campo de control: 20230512130654.0
008 - DATOS DE LONGITUD FIJA
- campo de control de longitud fija: 230512|| aca||aabn | a|a d
040 ## - FUENTE DE CATALOGACIÓN
- Agencia original de catalogación: MX-MxUPN
- Lenguaje de catalogación: spa
- Agencia de transcripción: MX-MxUPN
100 1# - ENCABEZAMIENTO - NOMBRE PERSONAL
- Nombre personal: Torre, Juan de la
670 ## - FUENTE EN LA QUE SE LOCALIZARON DATOS
- Cita de la fuente: El amigo de los niños mexicanos, 1902:
- Información localizada: portada (Juan de la Torre)
902 ## - CATALOGADOR
- Catalogador: Víctor Ruiz/120523
